000 00548nam a2200169 a 4500
001 000003049
005 20200929150321.0
008 090706s2008 dr 000 0 spa d
040 _aDO-SdBNP
_bspa
_cBNPHU
082 _axxx
_bC691d
110 1 _aColegio Dominicano de Psicólogos
_9615
240 0 0 _aLeyes, etc.
245 1 0 _aDocumentos : . :
_bley No. 200-01. Código de ética y disciplina. Estatutos /
_cColegio Dominicano de Psicólogos.
260 _aSanto Domingo, :
_bCODOPSI,
_c2008.
300 _a85 p. ;
_c22 cm.
500 _aIncluye índice
999 _c2880
_d2880